书目信息 |
| 题名: |
动机与人格
|
|
| 作者: | 马斯洛 著 ;许金声 译 | |
| 分册: | ||
| 出版信息: | 北京 中国人民大学出版社 2013 |
|
| 页数: | 18,33,328页 | |
| 开本: | 23cm | |
| 丛书名: | 西方心理学大师经典译丛 | |
| 单 册: | ||
| 中图分类: | B84-067 | |
| 科图分类: | ||
| 主题词: | 人本心理学--ren ben xin li xue--研究 | |
| 电子资源: | ||
| ISBN: | 978-7-300-17806-6 | |
| 000 | 01326nam0 22002891 450 | |
| 001 | 0118172107 | |
| 005 | 20170618172107.0 | |
| 010 | @a978-7-300-17806-6@dCNY58.00 | |
| 100 | @a20131106d2013 em y0chiy50 ea | |
| 101 | 1 | @achi@ceng |
| 102 | @aCN@b110000 | |
| 105 | @ay z 001yy | |
| 106 | @ar | |
| 200 | 1 | @a动机与人格@Adong ji yu ren ge@dMotivation and personality@f(美)亚伯拉罕·马斯洛(Abraham H. Maslow)著@g许金声等译@zeng |
| 210 | @a北京@c中国人民大学出版社@d2013 | |
| 215 | @a18,33,328页@d23cm | |
| 225 | 2 | @a西方心理学大师经典译丛@Axi fang xin li xue da shi jing dian yi cong@f郭本禹主编 |
| 305 | @a据原书第三版译出 | |
| 330 | @a本书是“人本心理学之父”、当代最伟大的心理学家之一马斯洛最重要的著作之一。在书中,他提出了许多精彩的理论,包括人本心理学科学观的理论、需要层次论、自我实现理论、元动机理论、心理治疗理论、高峰体验理论等。需要层次论是马斯洛心理学中影响最大的理论之一,至今仍在多个学科领域和实际工作中发挥着巨大的影响力。 | |
| 461 | 0 | @12001 @a西方心理学大师经典译丛 |
| 510 | 1 | @aMotivation and personality@zeng |
| 606 | 0 | @a人本心理学@Aren ben xin li xue@x研究 |
| 690 | @aB84-067@v5 | |
| 701 | 0 | @c(美)@a马斯洛@Ama si luo@c(Maslow, Abraham Harold@f1908~1970)@4著 |
| 702 | 0 | @a许金声@Axu jin sheng@f(1948~)@4译 |
| 801 | 0 | @aCN@bTANGWEI@c20170610 |
| 905 | @b1008309-14@dB84-067@e1829@f6 | |
| 动机与人格=Motivation and personality/(美)亚伯拉罕·马斯洛(Abraham H. Maslow)著/许金声等译.-北京:中国人民大学出版社,2013 |
| 18,33,328页;23cm.-(西方心理学大师经典译丛/郭本禹主编) |
| ISBN 978-7-300-17806-6:CNY58.00 |
| 本书是“人本心理学之父”、当代最伟大的心理学家之一马斯洛最重要的著作之一。在书中,他提出了许多精彩的理论,包括人本心理学科学观的理论、需要层次论、自我实现理论、元动机理论、心理治疗理论、高峰体验理论等。需要层次论是马斯洛心理学中影响最大的理论之一,至今仍在多个学科领域和实际工作中发挥着巨大的影响力。 |
| ● |
| 相关链接 |
|
|
|
|
正题名:动机与人格
索取号:B84-067/1829
 
预约/预借
| 序号 | 登录号 | 条形码 | 馆藏地/架位号 | 状态 | 备注 |
| 1 | 1008309 | 210083096 | 第一样本阅览室/ [索取号:B84-067/1829] | 在馆 | |
| 2 | 1008310 | 210083103 | 教育系资料室/ [索取号:B84-067/1829] | 在馆 | |
| 3 | 1008311 | 210083112 | 教育系资料室/ [索取号:B84-067/1829] | 在馆 | |
| 4 | 1008312 | 210083121 | 教育系资料室/ [索取号:B84-067/1829] | 在馆 | |
| 5 | 1008313 | 210083130 | 第一借阅区/ [索取号:B84-067/1829] | 在馆 | |
| 6 | 1008314 | 210083149 | 第一借阅区/ [索取号:B84-067/1829] | 在馆 |